Dopływy Wołgi - nagła śmierć - Statystyki

Ogólne statystyki
  • Ten quiz został rozwiązany 20 razy
  • Średni wynik to 5 z 12
Answers on the Grid
Answers color-coded by a green-red scale on the quiz's grid according to % correct below.
Wazuza
Szosza
Dubna
Nierl
Kotorosl
Oka
Sura
Cywil
Swijaga
Syzrań
Twerca
Miedwiedica
Lena
Dolna Tunguzka
Wiluj
Ob
Jenisej
Oleniok
Ałdan
Peczora
 
Statystyki odpowiedzi
Odpowiedź % Poprawnych
Miedwiedica
75%
Oka
63%
Syzrań
63%
Szosza
50%
Cywil
38%
Dubna
38%
Nierl
38%
Swijaga
38%
Wazuza
38%
Kotorosl
25%
Sura
25%
Twerca
13%
Nie znaleziono quizów pasujących do podanych kryteriów
Rozkład punktacji
Procent ludzi z każdym wynikiem
Percentyl według liczby udzielonych odpowiedzi
Twoja historia wyników
Nie rozwiązałeś tego quizu